Supreme Court Civil Appeal 09 of 2005. General Parts (U) Ltd vs Non-Performing Asset Recovery Trust (Record no. 4140)

MARC details
000 -LEADER
fixed length control field 00618nam a22001217a 4500
008 - FIXED-LENGTH DATA ELEMENTS--GENERAL INFORMATION
fixed length control field 110627t xxu||||| |||| 00| 0 eng d
010 ## - LIBRARY OF CONGRESS CONTROL NUMBER
LC control number SCCA F-3
245 ## - TITLE STATEMENT
Title Supreme Court Civil Appeal 09 of 2005. General Parts (U) Ltd vs Non-Performing Asset Recovery Trust
260 ## - PUBLICATION, DISTRIBUTION, ETC. (IMPRINT)
Date of publication, distribution, etc 2005
500 ## - GENERAL NOTE
General note Coram: Odoki CJ. ; Tsekooko, Karakora, Mulenga and Katurebe, JJ.SC.
500 ## - GENERAL NOTE
General note Appeals from the judgment of the Court of Appeal Okello, Mpagi-Bahigeine and Byamugisha JJ.A in Civil Appeal No. 49 of 2004 dated 19th August 2005
Holdings
Withdrawn status Lost status Source of classification or shelving scheme Damaged status Koha normalized classification for sorting Not for loan Location (home branch) Sublocation or collection (holding branch) Shelving location Date acquired Koha issues (times borrowed) Koha full call number Piece designation (barcode) Koha date last seen Price effective from Koha item type
    Dewey Decimal Classification   SCCA_F3   Law Development Centre Main Library Law Development Centre Main Library Law Reports 06/27/2011   SCCA F-3 09/2005/01 06/27/2011 06/27/2011 Un Reported Cases